Szczegóły MARC21

Everyman's encyclopaedia Vol.6, [Gin-Inari, Lake] /

005 -DATA I CZAS OSTATNIEJ MODYFIKACJI [,]
    • @
    • pole kontrolne
    • 20070315155141.9
040 -Instytucja sporządzająca opis [ , ]
    • a
    • Instytucja, która sporządziła opis (NP)
    • SZCZ U
    • c
    • Instytucja, która sporządziła rekord (NP)
    • SZCZ U
041 -Język dokumentu [0, ]
    • a
    • Język tekstu (P)
    • angielski
    • h
    • Język tekstu oryginalnego i/lub pośredniego (P)
    • angielski
942 -Rodzaj dokumentu [ , ]
    • c
    • Rodzaj dokumentu
    • Książka
245 -Strefa tytułu i oznaczenia odpowiedzialności [0, ]
    • a
    • Tytuł
    • Everyman's encyclopaedia Find
    • n
    • Oznaczenie części (P)
    • Vol.6,
    • p
    • Nazwa części (P)
    • [Gin-Inari, Lake] /
    • c
    • Pozostałe elementy strefy tytułu i oznaczenia odpowiedzialności (NP)
    • [ed. by E.F.Bozman].
250 -Strefa wydania [ , ]
    • a
    • Oznaczenie wydania (NP)
    • 4 ed.
260 -Strefa adresu wydawniczego [ , ]
    • a
    • Miejsce wydania (P)
    • London :
    • b
    • Nazwa wydawcy (P)
    • J.M.Dent and Sons,
    • c
    • Data wydania (P)
    • 1958.
300 -Strefa opisu fizycznego [ , ]
    • a
    • Określenie formy książki i/lub objętość (NP)
    • V,754 s :
    • b
    • Oznaczenie ilustracji (NP)
    • il. :
    • c
    • Format (NP)
    • 20 cm.
080 -Uniwersalna Klasyfikacja Dziesiętna [ , ]
    • a
    • Symbol klasyfikacji
    • 0/9(03)=20
980 -Symbol UKD [ , ]
    • a
    • UKD
    • 0/9(03)=20
700 -Hasło dodatkowe - nazwa osobowa [ , ]
    • a
    • Nazwa osobowa (NP)
    • Bozman E.F. Find
    • d
    • Daty biograficzne (NP)
    • ed.
Lokalizacja Data inwentaryzacji Status udost. Numer inwentarzowy Sygnatura
BM1996-07-181A.4269ANG. Encyklopedie 62